Cluster analysis and data analysis

Αποθηκεύτηκε σε:
Λεπτομέρειες βιβλιογραφικής εγγραφής
Κύριος συγγραφέας: Jambu, Michel
Άλλοι συγγραφείς: Lebeaux, M-O. (Marie-Odile)
Μορφή: Βιβλίο
Γλώσσα:English
Δημοσίευση: Amsterdam : North-Holland, 1983
Θέματα:
Ετικέτες: Προσθήκη ετικέτας
Δεν υπάρχουν, Καταχωρήστε ετικέτα πρώτοι!

MARC

LEADER 00000pam a2200000 i 4500
001 1/76898
008 970506s1983 eng d
020 |a 0-444-86634-5 
035 |l 10004138 
040 |a GR-MY-UA  |b gre  |e aacr 
041 0 |a eng 
082 0 |a 519.5350285 
100 1 |a Jambu, Michel. 
245 1 0 |a Cluster analysis and data analysis /  |c M. Jambu and M-O. Lebeaux 
260 |a Amsterdam :   |b North-Holland,   |c 1983 
300 |a xxiv, 898 p.;  |c 25 cm 
504 |a Includes bibliographical references 
650 0 0 |a Cluster analysis  |x Data processing. 
700 1 |a Lebeaux, M-O. (Marie-Odile) 
852 |a INST  |b LESVOS  |e 19970506  |h 519.5350285 JAM  |p 005100011415  |q 005100011415  |t BK  |y 0 
909 |a Λ  |b 005138